მიქაელ მოდრეკილის რტო = Mikael Modrekili's Branch : (ბიბ.ჩანაწერი № 55094)
[ მარტივი ფორმატი ]
| 000 -ლიდერი | |
|---|---|
| ფიქსირებული სიგრძის საკონტროლო ველი | 03236nam a2200325Ia 4500 |
| 001 - საკონტროლო ნომერი | |
| საკონტროლო ველი | 22169 |
| 003 - საკონტროლო ნომრის იდენტიფიკატორი | |
| საკონტროლო ველი | GE_BSU |
| 005 - ბოლო ოპერაციის თარიღი და დრო | |
| საკონტროლო ველი | 20221005110608.0 |
| 008 - ფიქსირებული სიგრძის მონაცემთა ელემენტები - ზოგადი ინფორმაცია | |
| ფიქსირებული სიგრძის საკონტროლო ველი | 181216s2017||||ge |||||||||||||| ||geo|| |
| 020 ## - წიგნის საერთაშორისო სტანდარტული ნომერი | |
| International Standard Book Number | 9789941468407 |
| 040 ## - კატალოგიზაციის წყარო | |
| Transcribing agency | GE_BSU |
| 041 ## - ენის კოდი | |
| Language code of text/sound track or separate title | geo |
| 080 ## - უნივერსალური ათობითი კლასიფიკაციის ინდექსი | |
| Universal Decimal Classification number | 821.353.1(092) მ-74 |
| 245 ## - ცნობა სათაურის შესახებ | |
| Title | მიქაელ მოდრეკილის რტო = Mikael Modrekili's Branch : |
| Remainder of title | [სამეცნიერო-პოპულარული კრებული] / |
| Statement of responsibility, etc | ივანე ჯავახიშვილის სახ. თბილისის სახელმწ. უნ-ტი, კლასიკური ფილოლოგიის, ბიზანტინისტიკისა და ნეოგრეცისტიკის ინ-ტი, გიორგი წერეთლის სახ. აღმოსავლეთმცოდნეობის ინ-ტი, არნოლდ ჩიქობავას სახ. ენათმეცნიერების ინ-ტი, თბილისის სასულიერო აკადემია და სემინარია ; მთ. რედაქტორი იზა ჩანტლაძე. |
| 264 ## - წარმოების, გამოცემის, დისტრიბუციის და სხვა ცნობები | |
| გამოცემის, წარმოების, დისტრიბუციის... ადგილი | თბილისი : |
| გამოცემის, წარმოების, დისტრიბუციის... სახელწოდება | ლოგოსი, |
| გამოცემის, წარმოების, დისტრიბუციის... თარიღი | 2017. |
| 300 ## - ფიზიკური აღწერა | |
| Extent | 528 გვ. : |
| Other physical details | ფოტ. ; |
| Dimensions | 26 სმ. |
| 500 ## - ზოგადი შენიშვნა | |
| General note | წიგნი ეძღვნება ლიანა და ჯემალ კვირიკაშვილებს. მომზადდა არნოლდ ჩიქობავას სახ. ენათმეცნიერების ინსტიტუტში. |
| 520 ## - SUMMARY, ETC. | |
| Summary, etc | წიგნი ეძღვნება ლიანა და ჯემალ კვირიკაშვილებს. პარალ სათ. ინგ. ენაზე. |
| 653 ## - INDEX TERM--UNCONTROLLED | |
| Uncontrolled term | კვირიკაშვილი, ლიანა, 1939-2015. |
| 653 ## - INDEX TERM--UNCONTROLLED | |
| Uncontrolled term | ქართველი ბიზანტიოლოგები |
| 653 ## - INDEX TERM--UNCONTROLLED | |
| Uncontrolled term | ბიზანტიური ჰიმნოგრაფიის ისტორია და კრიტიკა |
| 653 ## - INDEX TERM--UNCONTROLLED | |
| Uncontrolled term | გამოჩენილ ქართველ ადამიანთა ბიოგრაფიები |
| 653 ## - INDEX TERM--UNCONTROLLED | |
| Uncontrolled term | ქართული მემუარული ლიტერატურა |
| 700 ## - ADDED ENTRY--PERSONAL NAME | |
| Personal name | ჩანტლაძე, იზა |
| Relator term | რედაქტორი |
| 9 (RLIN) | 15051 |
| 710 ## - ADDED ENTRY--CORPORATE NAME | |
| Corporate name or jurisdiction name as entry element | ივანე ჯავახიშვილის სახ. თბილისის სახელმწ. უნ-ტი. კლასიკური ფილოლოგიის, ბიზანტინისტიკისა და ნეოგრეცისტიკის ინ-ტი |
| 9 (RLIN) | 13901 |
| 710 ## - ADDED ENTRY--CORPORATE NAME | |
| Corporate name or jurisdiction name as entry element | გიორგი წერეთლის სახ. აღმოსავლეთმცოდნეობის ინ-ტი. არნოლდ ჩიქობავას სახ. ენათმეცნიერების ინ-ტი |
| 9 (RLIN) | 15052 |
| 710 ## - ADDED ENTRY--CORPORATE NAME | |
| Corporate name or jurisdiction name as entry element | თბილისის სასულიერო აკადემია და სემინარია. |
| 9 (RLIN) | 15053 |
| 942 ## - ADDED ENTRY ELEMENTS (KOHA) | |
| Koha item type | წიგნი |
| Source of classification or shelving scheme | |
| ჩამოწერის სტატუსი | დაკარგული ეგზემპლარის სტატუსი | კლასიფიკაციის წყარო ან თაროზე გაწყობის სქემა | დაზიანების სტატუსი | არ გაიცემა | მუდმივი მდებარეობა (დაცვის ადგილი) | ამჟამინდელი ადგილსამყოფელი | თაროზე განთავსების ადგილი | შეძენის თარიღი | ღირებულება, შესყიდვის ნორმალური ფასი | სრული შენახვის შიფრი | შტრიხკოდი | ბოლო ოპერაციის თარიღი | ეგზემპლარის მიმდევრობითი ნომერი (კეტერი?) | ფასის ძალაში შესვლის თარიღი | ეგზემპლარის სახეობა | საჯარო შენიშვნა |
|---|---|---|---|---|---|---|---|---|---|---|---|---|---|---|---|---|
| ბათუმის შოთა რუსთაველის სახელმწიფო უნივერსიტეტის მთავარი ბიბლიოთეკა | ბათუმის შოთა რუსთაველის სახელმწიფო უნივერსიტეტის მთავარი ბიბლიოთეკა | წიგნსაცავი | 2018-12-17 | 25.00 | 821.353.1(092) მ-74 | 28064 | 2018-12-17 | 28064 | 2018-12-17 | წიგნი | 25.00 ₾. |
